000 00404nam a2200169Ia 4500
008 210210b1949 xxu||||| |||| 00| 0 eng d
041 _aeng
082 _a330/456
100 _aTHOMAS (S E)
245 _aTeach yourself economics
260 _aLondon
_bHodder and Stoughton Limited
_c1949
650 _ayourself
650 _aTeach
650 _aeconomics
690 _aEconomics
906 _a003859
999 _c121233
_d121233